| 000 | 00533nam a22001577a 4500 | ||
|---|---|---|---|
| 003 | OSt | ||
| 005 | 20151130085812.0 | ||
| 008 | 151130b xxu||||| |||| 00| 0 eng d | ||
| 040 | _cRUA | ||
| 082 | _aFIS TAN 1997 B168 Or.1 | ||
| 100 |
_93988 _aTAN, SOMETHBUNWHATH. |
||
| 245 | _athe marketiing of freshwater eel in phnom penh (សិក្សាទីផ្សាររបស់អន្ទង់នៅរាជធានីភ្នំពេញ) | ||
| 260 |
_aPhnom Penh _bRUA _c1997 |
||
| 300 |
_a44p. _bill. _c29cm. |
||
| 942 |
_2ddc _cFIS |
||
| 999 |
_c3708 _d3708 |
||